[Event "ARG-chT"]
[Site "Villa Martelli"]
[Date "2017.09.23"]
[Round "8.2"]
[White "Airando, Martin"]
[Black "Flores, Diego"]
[Result "1/2-1/2"]
[WhiteElo "2162"]
[BlackElo "2580"]
[PlyCount "117"]
[EventDate "2017.08.05"]
[EventType "team-swiss"]
[EventRounds "9"]
[EventCountry "ARG"]
[SourceTitle "EXT 2018"]
[Source "ChessBase"]
[SourceDate "2017.10.13"]
[SourceVersion "1"]
[SourceVersionDate "2017.10.13"]
[SourceQuality "1"]
[WhiteTeam "Ushuaia Jaque Mate"]
[BlackTeam "Boca Juniors"]
[WhiteTeamCountry "ARG"]
[BlackTeamCountry "ARG"]

1. d4 d6 2. Nf3 Bg4 3. c4 Bxf3 4. exf3 c6 5. Qb3 Qc7 6. Nc3 Nf6 7. Be3 g6 8. Be2 Bg7 9. 0-0 0-0 10. Rac1 Nbd7 11. Rfd1 Rfc8 12. Qa3 a6 13. b4 e6 14. d5 exd5 15. cxd5 c5 16. bxc5 Nxc5 17. Ne4 Nfxe4 18. fxe4 b6 19. f4 Qe7 20. Bf3 Nxe4 21. Rxc8+ Rxc8 22. Qxa6 Re8 23. Qxb6 h5 24. Re1 Nc5 25. Bf2 Qxe1+ 26. Bxe1 Rxe1+ 27. Kf2 Nd3+ 28. Kg3 Bf6 29. h4 Kg7 30. Qxd6 Rh1 31. Be4 Bxh4+ 32. Kf3 Nc1 33. Qa6 Re1 34. g3 Bf6 35. d6 Rd1 36. Qc4 Nxa2 37. Qxa2 Rxd6 38. Bd5 Rd7 39. Qc4 Re7 40. Qc5 Rd7 41. Kg2 Re7 42. Kh3 Re1 43. Qc7 Re7 44. Qc4 Ra7 45. Qb3 Rc7 46. Bc4 Re7 47. Qd3 Ra7 48. Qd5 Re7 49. Kg2 Rc7 50. Kf3 Re7 51. g4 hxg4+ 52. Kxg4 Rc7 53. Bb3 Re7 54. Qc4 Rd7 55. Kf3 Re7 56. Qc8 Bd4 57. Qc4 Bf6 58. Kg4 Rd7 59. Ba2 1/2-1/2

[Event "Buenos Aires Duchamp op 1st"]
[Site "Buenos Aires"]
[Date "2011.09.12"]
[Round "1"]
[White "Airando, Martin"]
[Black "Alegre, Eugenia"]
[Result "1-0"]
[WhiteElo "2195"]
[BlackElo "1696"]
[PlyCount "65"]
[EventDate "2011.09.12"]
[EventType "swiss"]
[EventRounds "9"]
[EventCountry "ARG"]
[SourceTitle "EXT 2014"]
[Source "ChessBase"]
[SourceDate "2013.11.20"]
[SourceVersion "1"]
[SourceVersionDate "2013.11.20"]
[SourceQuality "1"]

1. e4 c5 2. Nf3 d6 3. Bb5+ Bd7 4. Bxd7+ Qxd7 5. c4 Nc6 6. d4 cxd4 7. Nxd4 Nf6 8. Nc3 g6 9. 0-0 Bg7 10. Nc2 0-0 11. Rb1 a6 12. Bg5 Rac8 13. Ne3 Ne5 14. Ned5 Nxc4 15. Bxf6 Bxf6 16. Nxf6+ exf6 17. Nd5 Qe6 18. Qd4 Ne5 19. f4 Rc4 20. Qd2 Nd7 21. Rbe1 Rxe4 22. Rxe4 Qxe4 23. Re1 Qc4 24. Rc1 Qb5 25. Rc7 Kg7 26. Qd4 Re8 27. Rxd7 Qxd7 28. Nxf6 Re1+ 29. Kf2 Qe6 30. Ne4+ Kf8 31. Kxe1 d5 32. Qc5+ Kg8 33. Qxd5 1-0

[Event "ARG-chT"]
[Site "Buenos Aires"]
[Date "2009.05.02"]
[Round "1"]
[White "Rodriguez, Marcelo"]
[Black "Airando, Martin"]
[Result "1/2-1/2"]
[WhiteElo "2077"]
[BlackElo "2250"]
[PlyCount "55"]
[EventDate "2009.05.02"]
[EventType "team-tourn"]
[EventRounds "9"]
[EventCountry "ARG"]
[SourceTitle "EXT 2010"]
[Source "ChessBase"]
[SourceDate "2010.11.25"]
[SourceVersion "1"]
[SourceVersionDate "2010.11.25"]
[SourceQuality "1"]

1. d4 d5 2. c4 c6 3. Nf3 Nf6 4. cxd5 cxd5 5. Nc3 Nc6 6. Bf4 Ne4 7. Qb3 Nxc3 8. bxc3 g6 9. e4 e6 10. exd5 exd5 11. Bb5 Bg7 12. 0-0 0-0 13. Bd3 b6 14. Rfe1 Bb7 15. Ne5 Nxe5 16. Bxe5 Re8 17. Bxg7 Kxg7 18. Rxe8 Qxe8 19. a4 Bc6 20. Bf1 Rb8 21. g3 Rb7 22. Bg2 Re7 23. Bxd5 Re1+ 24. Rxe1 Qxe1+ 25. Kg2 Bxd5+ 26. Qxd5 Qxc3 27. Qe5+ Kg8 28. Qe8+ 1/2-1/2

[Event "Necochea-A"]
[Site "Necochea"]
[Date "2007.02.18"]
[Round "8"]
[White "Airando, Martin"]
[Black "Contin, Daniel"]
[Result "1-0"]
[WhiteElo "2229"]
[BlackElo "2365"]
[PlyCount "91"]
[EventDate "2007.02.14"]
[EventType "tourn"]
[EventRounds "9"]
[EventCountry "ARG"]
[EventCategory "3"]
[SourceTitle "CBM 116 Extra"]
[Source "ChessBase"]
[SourceDate "2007.03.07"]
[SourceVersion "1"]
[SourceVersionDate "2007.03.07"]
[SourceQuality "1"]

1. e4 e6 2. d4 d5 3. Nc3 Bb4 4. a3 Bxc3+ 5. bxc3 dxe4 6. Qg4 Nf6 7. Qxg7 Rg8 8. Qh6 c5 9. Ne2 Bd7 10. a4 Bc6 11. a5 Nbd7 12. dxc5 e5 13. a6 bxa6 14. Ng3 Rg6 15. Qd2 Nxc5 16. Bxa6 Qb6 17. Qe2 Nd5 18. 0-0 Nxc3 19. Qh5 N5a4 20. Bc4 Qd4 21. Bxf7+ Kxf7 22. Qxh7+ Rg7 23. Qf5+ Ke7 24. Bg5+ Rxg5 25. Qxg5+ Kd7 26. Nf5 Qc5 27. Qg7+ Kc8 28. Ne7+ Kb7 29. Nd5+ Ka6 30. Nc7+ Ka5 31. Nxa8 Bxa8 32. h4 e3 33. fxe3 Qxe3+ 34. Kh2 Qd4 35. Qg5 Kb6 36. Rf5 e4 37. Qf6+ Qxf6 38. Rxf6+ Kc5 39. h5 e3 40. Re6 e2 41. h6 Bd5 42. Rxe2 Nxe2 43. h7 Nec3 44. h8Q a5 45. Qe5 Kb4 46. Rxa4+ 1-0

[Event "ARG-ch Superior"]
[Site "Buenos Aires"]
[Date "2002.??.??"]
[Round "1"]
[White "Lo Presti, Roberto"]
[Black "Airando, Martin"]
[Result "0-1"]
[WhiteElo "2076"]
[BlackElo "2305"]
[PlyCount "56"]
[EventDate "2002.09.15"]
[EventType "swiss"]
[EventRounds "9"]
[EventCountry "ARG"]
[SourceTitle "CBM 090 Extra"]
[Source "ChessBase"]
[SourceDate "2002.11.07"]
[SourceVersion "1"]
[SourceVersionDate "2002.11.07"]
[SourceQuality "1"]

1. e4 c5 2. Nf3 g6 3. d4 cxd4 4. Nxd4 Nc6 5. c4 Bg7 6. Be3 Nf6 7. Nc3 0-0 8. Be2 d6 9. 0-0 Bd7 10. Rc1 Nxd4 11. Bxd4 Be6 12. f3 a5 13. Qd2 Nd7 14. Bxg7 Kxg7 15. Kh1 Nc5 16. Bd3 Qb6 17. Bb1 Qb4 18. Qd4+ f6 19. Nd5 Bxd5 20. exd5 b5 21. Qe3 Rfe8 22. b3 a4 23. cxb5 axb3 24. axb3 Qxb5 25. Bc2 Ra2 26. Rfe1 Qb4 27. Red1 e5 28. Rd4 Qxd4 0-1